000 00979cad a22001935a 4500
001 L154385
008 120619s2011 xxk f 000 0 eng d
035 _a(Sirsi) u154385
041 0 _aeng
110 2 _aSavills
_92020
245 0 0 _aUK second homes abroad spotlight
_benduring appeal Autumn 2011[electronic resource]
260 _aLondon
_bSavills
_c2011
520 _aSets out trends in property buying trends for UK residents purchasing second homes abroad including analysis of prices and favourite destinations. Survey results are complimented with commentary on the prime market from Savills' Residential International sales experience, reviewing the impact of the global credit crunch on the industry.
590 _aKA
651 4 _aInternational
690 _aPROPERTY-RESIDENTIAL PROPERTY
856 4 0 _uhttps://pdf.euro.savills.co.uk/uk/spotlight-on/spotlight-on-second-homes-abroad.pdf
_zView the report after free registration at www.savills.co.uk
942 _n0
999 _c112964
_d112964